000 00485nam a2200145 4500
008 151208b xxu||||| |||| 00| 0 eng d
020 _a9781935416746
050 _aPS 3554.O5675D6 2010
100 _aDooley, Lena Nelson.
_d2010
245 _aLove finds you in golden new Mexico/
_cLena Nelson Dooley
260 _aMinneapolis;
_bSummerside Press,
_c2010.
300 _a349 p. :
650 _aEnglish Fiction.
942 _2lcc
_cSH_L_BOOKS
_hPS 3554.O5675D6 2010
999 _c10689
_d10689